Britain, an official handbook

Guardat en:
Dades bibliogràfiques
Format: Llibre
Idioma:anglès
Publicat: Londres The Central Office of Information 1967
Matèries:
Etiquetes: Afegir etiqueta
Sense etiquetes, Sigues el primer a etiquetar aquest registre!

MARC

LEADER 00000nam a2200000 a 4500
001 UCS2628
003 CL-VaPUC
008 970604e19670000UK |||||||||||||||||eng|d
082 0 4 |a 941.085  |b BRI  |2 21 
245 1 0 |a Britain, an official handbook 
300 |a 558 p 
942 |c BK 
945 |d 19970604 00:00:00  |a paguirre 
260 |a Londres  |b The Central Office of Information  |c 1967 
650 0 |a Gobierno   |9 255508 
650 7 |a HISTORIA DE INGLATERRA SIGLO 20  |2 CL-VaPUC  |9 388269 
650 0 |a Condiciones de vida  |9 337437 
650 0 |a Vida económica   |9 388270 
650 7 |a CONDICIONES CULTURALES  |2 CL-VaPUC  |9 319132 
651 0 |a Inglaterra  |9 255158 
583 |a last modification  |c 20160912 11:25:37  |k Rodrigo Vera 
999 |c 260571  |d 260569 
952 |0 0  |1 0  |4 0  |6 941_085000000000000_BRI_1967  |7 0  |8 P  |9 286792  |a BIBDER  |b BIBDER  |d 2019-11-19  |i 1860593  |o 941.085 BRI 1967  |p 1860593  |r 2023-01-25  |w 2019-11-19  |y BK  |k DER